Evolutionary Biology /

Bibliographic Details
Main Author: Hecht, Max K.
Corporate Author: SpringerLink (Online service)
Other Authors: MacIntyre, Ross J., Clegg, Michael T.
Format: eBook
Language:English
Published: Boston, MA : Springer US : Imprint : Springer, 1995.
Series:Evolutionary Biology ; ; 28.
Subjects:
Online Access:Connect to the full text of this electronic book

MARC

Tag First Indicator Second Indicator Subfields
LEADER 00000cam a2200000Ma 4500
001 in00003540813
006 m o d
007 cr nn|||||||||
008 121227s1995 mau o 000 0 eng d
005 20260422221150.7
020 |a 9781461518471 (electronic bk.) 
020 |a 1461518474 (electronic bk.) 
035 |a (OCoLC)840283878 
040 |a I9W  |b eng  |e pn  |c I9W  |d OCLCQ  |d UV0  |d GW5XE  |d OCLCF  |d UtOrBLW 
049 |a TXAM 
050 4 |a QH359-425 
082 0 4 |a 576.8  |2 23 
100 1 |a Hecht, Max K. 
245 1 0 |a Evolutionary Biology /  |c edited by Max K. Hecht, Ross J. Macintyre, Michael T. Clegg. 
264 1 |a Boston, MA :  |b Springer US :  |b Imprint :  |b Springer,  |c 1995. 
300 |a 1 online resource (288 pages) 
336 |a text  |b txt  |2 rdacontent 
337 |a computer  |b c  |2 rdamedia 
338 |a online resource  |b cr  |2 rdacarrier 
490 1 |a Evolutionary Biology ;  |v 28 
500 |a Electronic resource. 
650 0 |a Life sciences. 
650 0 |a Evolution (Biology) 
650 7 |a Evolution (Biology)  |2 fast  |0 (OCoLC)fst00917302 
650 7 |a Life sciences.  |2 fast  |0 (OCoLC)fst00998323 
655 7 |a Electronic books.  |2 local 
700 1 |a MacIntyre, Ross J. 
700 1 |a Clegg, Michael T. 
710 2 |a SpringerLink (Online service) 
830 0 |a Evolutionary Biology ; ;  |v 28. 
856 4 0 |u http://proxy.library.tamu.edu/login?url=https://link.springer.com/10.1007/978-1-4615-1847-1  |z Connect to the full text of this electronic book  |t 0 
994 |a 92  |b TXA 
999 |a MARS 
999 f f |s 1b541f78-2303-3711-a5b3-eec2ccd91559  |i e366cc05-226e-308d-bdfa-f35da67d8e86  |t 0 
952 f f |a Texas A&M University  |b College Station  |c Electronic Resources  |s www_evans  |d Available Online  |t 0  |e QH359-425  |h Library of Congress classification 
998 f f |a QH359-425  |t 0  |l Available Online